| Tag |
First Indicator |
Second Indicator |
Subfields |
| LEADER |
00000cam a2200000 a 4500 |
| 001 |
in00000097220 |
| 005 |
20150924085131.0 |
| 008 |
810305s1980 gw a b 00010 eng d |
| 020 |
|
|
|a 3445119996
|
| 035 |
|
|
|a (OCoLC)07193853
|
| 035 |
|
|
|9 AAK9097AM
|
| 040 |
|
|
|a OKU
|c OKU
|d OCL
|d TXA
|d UtOrBLW
|
| 041 |
1 |
|
|a eng
|h ger
|
| 043 |
|
|
|a e-gw---
|
| 049 |
|
|
|a TXAM
|c [1272818]
|
| 090 |
|
|
|a HB241
|b F75 1980
|
| 100 |
1 |
|
|a Friede, Gerhard.
|
| 245 |
1 |
0 |
|a Investigation of producer behavior in the Federal Republic of Germany using the translog price function /
|c by Gerhard Friede.
|
| 264 |
|
1 |
|a Konigstein/Ts :
|b A. Hain ;
|a Cambridge, Mass. :
|b Oelgeschlager, Gunn & Hain,
|c [1980]
|
| 264 |
|
4 |
|c ©1980
|
| 300 |
|
|
|a 144 pages :
|b illustrations ;
|c 24 cm.
|
| 336 |
|
|
|a text
|b txt
|2 rdacontent
|
| 337 |
|
|
|a unmediated
|b n
|2 rdamedia
|
| 338 |
|
|
|a volume
|b nc
|2 rdacarrier
|
| 490 |
1 |
|
|a Mathematical systems in economics ;
|v 48
|
| 504 |
|
|
|a Bibliography: pages [101]-104.
|
| 650 |
|
0 |
|a Production functions (Economic theory)
|
| 650 |
|
0 |
|a Economics
|z Germany (West)
|x Mathematical models.
|
| 830 |
|
0 |
|a Mathematical systems in economics ;
|v 48.
|
| 999 |
|
|
|a MARS
|
| 999 |
f |
f |
|s 079e72b2-74f5-3358-9ebd-e2505cdb5680
|i ecfaf310-8491-3acc-bda5-a77d7005f258
|t 0
|
| 952 |
f |
f |
|p ric
|a Texas A&M University
|b Rellis Campus
|c Joint Library Facility
|d Remote Storage
|t 0
|e HB241 F75 1980
|h Library of Congress classification
|i unmediated -- volume
|m A14806039787
|
| 998 |
f |
f |
|a HB241 F75 1980
|t 0
|l Remote Storage
|